| 000 | 00459nam a22001697a 4500 | ||
|---|---|---|---|
| 005 | 20241212131104.0 | ||
| 008 | 241212b |||||||| |||| 00| 0 eng d | ||
| 020 | _a9780174480198 | ||
| 050 |
_aQH308.7 _b.R62 |
||
| 100 | _aRoberts, M. B. V. | ||
| 245 |
_aBiology/ _ba functional approach _cM.B.V. Roberts |
||
| 250 | _a4th ed. | ||
| 260 |
_aUnited Kingdom _bNelson _c1986 |
||
| 300 |
_ax.693p. _bill. _c28cm |
||
| 650 | _2Biology | ||
| 942 |
_2lcc _cBK _e4th ed. _n0 |
||
| 999 |
_c2110 _d2110 |
||